000 01638nam a22003377a 4500
005 20240814173935.0
008 s2528 th tha d
040 _aNALT
041 _atha
245 1 0 _aความรู้ชุดกฎหมายชาวบ้าน (เล่ม 6)
260 3 _aกรุงเทพฯ :
_bกองวิชาการ กรมประชาสัมพันธ์,
_c2528
300 _a190 หน้า ;
_b 18 ซม.
650 0 4 _aกฎหมายแพ่งและพาณิชย์ -- ครอบครัว -- คำถามและคำตอบ
650 0 4 _aการประชุมรัฐสภา
650 0 4 _aชื่อบุคคลและการตั้งชื่อ -- คำถามและคำตอบ
650 0 4 _aความผิดฐานฉ้อโกง
650 0 4 _aกฎหมาย -- คำถามและคำตอบ
650 0 4 _aบุตรบุญธรรม
650 0 4 _aการเจรจาต่อรองร่วม
650 0 4 _aลักทรัพย์
650 0 4 _aกฎหมายแรงงาน
650 0 4 _aหมิ่นประมาท
650 0 4 _aความผิดเกี่ยวกับทรัพย์
650 0 4 _aบุตรนอกสมรส
650 0 4 _aแรงงานสัมพันธ์
850 _aNALT
856 4 0 _uhttps://dl.parliament.go.th/handle/lirt/572232
942 _cLB
_2lcc
998 _j25
_k นีลวัสน์ อินทรักษา
999 _c15956
_d15956
090 _aKC33 ป238ค 2538 ล.6